书目信息 |
| 题名: |
天体运行论
|
|
| 作者: | 哥白尼 著 ;徐萍 译 | |
| 分册: | ||
| 出版信息: | 北京 北京理工大学出版社 2017.12 |
|
| 页数: | 509页 | |
| 开本: | 24cm | |
| 丛书名: | ||
| 单 册: | ||
| 中图分类: | P134 | |
| 科图分类: | ||
| 主题词: | 日心地动说 | |
| 电子资源: | ||
| ISBN: | 978-7-5682-4945-4 | |
| 000 | 01352nam0 2200277 450 | |
| 001 | 5 | |
| 005 | 20180920160938.23 | |
| 010 | @a978-7-5682-4945-4@dCNY50.00 | |
| 100 | @a20180412d2017 em y0chiy50 ea | |
| 101 | 1 | @achi@cpol |
| 102 | @aCN@b110000 | |
| 105 | @aa z 000yy | |
| 200 | 1 | @a天体运行论@9tian ti yun xing lun@dOn the revolutions of heavenly spheres@f(波)尼古拉·哥白尼著@g徐萍译@zeng |
| 210 | @a北京@c北京理工大学出版社@d2017.12 | |
| 215 | @a509页@c图@d24cm | |
| 300 | @a世界经典科普读本 | |
| 314 | @a尼古拉·哥白尼 (Nicolaus Copernicus) (1473-1543),波兰天文学家、数学家。出生于波兰维斯瓦河畔的托伦市的一个富裕家庭。他提出了“日心说”,并经过长年的观察和计算完成了这部伟大的著作《天体运行论》。 | |
| 314 | @a徐萍,吉林大学文学院教授,国际政治学专业博士、历史学博士后。著有《冷战与东北亚史论》《基辛格均势战略研究》等。 | |
| 330 | @a本书是哥白尼关于自己的天文学说的不朽著作。书中详细地阐述了日心地动学说,不仅提出了崭新的宇宙图像,而且对日、月和行星的运动都有严格的数学论证和定量探讨。它对自然科学摆脱神学的羁绊以及对天文学的发展,都起了极大的推动作用。 | |
| 510 | 1 | @aOn the revolutions of heavenly spheres@zeng |
| 606 | 0 | @a日心地动说 |
| 690 | @aP134@v5 | |
| 701 | 0 | @c(波)@a哥白尼@9ge bai ni@c(Copernicus, Nicolaus@f1473-1543)@4著 |
| 702 | 0 | @a徐萍@9xu ping@4译 |
| 801 | 0 | @aCN@b91MARC@c20180412 |
| 905 | @aMuseLib@dP134@e228 | |
| 天体运行论=On the revolutions of heavenly spheres/(波)尼古拉·哥白尼著/徐萍译.-北京:北京理工大学出版社,2017.12 |
| 509页:图;24cm |
| 世界经典科普读本 |
| ISBN 978-7-5682-4945-4:CNY50.00 |
| 本书是哥白尼关于自己的天文学说的不朽著作。书中详细地阐述了日心地动学说,不仅提出了崭新的宇宙图像,而且对日、月和行星的运动都有严格的数学论证和定量探讨。它对自然科学摆脱神学的羁绊以及对天文学的发展,都起了极大的推动作用。 |
| ● |
| 相关链接 |
|
|
|
|
正题名:天体运行论
索取号:P134/228
 
预约/预借
| 序号 | 登录号 | 条形码 | 馆藏地/架位号 | 状态 | 备注 |
| 1 | 1117769 | 211177698 | 第二样本阅览室/ [索取号:P134/228] | 在馆 | |
| 2 | 1117770 | 211177705 | 第三借阅区/ [索取号:P134/228] | 在馆 | |
| 3 | 1117771 | 211177714 | 第三借阅区/ [索取号:P134/228] | 在馆 | |
| 4 | 1117772 | 211177723 | 第三借阅区/ [索取号:P134/228] | 在馆 | |
| 5 | 1117773 | 211177732 | 第三借阅区/ [索取号:P134/228] | 在馆 |